Vyhodnotenie prístupového procesu SR do OECD porovnanie stavu liberalizácie SR, ČR, Poľska a Maďarska

Stručná charakteristika a história OECD. Prístupový proces SR do OECD. Proces finančnej liberalizácie v SR (liberalizačný kalendár). Charakteristika procesu liberalizácie v ČR, Poľsku a Maďarsku. Dokončenie v č. 3/2001.

Guardado en:
Detalles Bibliográficos
Autor principal: Trajlinková, Katarína
Formato: Capítulo de libro
Lenguaje:eslovaco
inglés
Materias:
Etiquetas: Agregar Etiqueta
Sin Etiquetas, Sea el primero en etiquetar este registro!

MARC

LEADER 00000naa a2200000 4500
001 r040948
005 20220729111048.0
041 0 |a slo 
041 0 |a eng 
044 |a SK 
245 1 0 |a Vyhodnotenie prístupového procesu SR do OECD  |b porovnanie stavu liberalizácie SR, ČR, Poľska a Maďarska  |c Katarína Trajlinková 
520 |a Stručná charakteristika a história OECD. Prístupový proces SR do OECD. Proces finančnej liberalizácie v SR (liberalizačný kalendár). Charakteristika procesu liberalizácie v ČR, Poľsku a Maďarsku. Dokončenie v č. 3/2001. 
610 2 0 |a spolupráca hospodárska medzinárodná 
610 2 0 |a OECD 
610 2 0 |a Slovensko 
610 2 0 |a liberalizácia 
610 2 0 |a Česko 
610 2 0 |a Poľsko 
610 2 0 |a Maďarsko 
100 1 |a Trajlinková, Katarína